| 000 | 00493nam a2200169 4500 | ||
|---|---|---|---|
| 001 | 131349 | ||
| 003 | ES-MaACL | ||
| 005 | 20230906193950.0 | ||
| 007 | t| | ||
| 008 | 070214s1968 sp r ||||1| spa d | ||
| 100 | 1 |
_aRodríguez, Horacio Daniel. _998249 |
|
| 245 | 1 | 1 |
_a"Che` Guevara _b: ¿aventura o revolución? / _cHoracio Daniel Rodríguez. |
| 250 | _a1ª. ed. | ||
| 260 |
_aBarcelona : _bPlaza & Janés, _c1968. |
||
| 300 |
_a239 p. ; _c20 cm. |
||
| 852 |
_aES-MaACL _jC-48570 _bR.67010 |
||
| 999 |
_c131349 _d131349 |
||